000
00212 a2200097 4500
001
26627
100
_a
Leithold
245
_a
Calculus with analystic geometry
260
_a
_b
Harper pro
_c
090
_c
17921
_d
17921
942
_a
NUST-CAE
_c
M
_c
8804
999
_c
261700
_d
261700